| 000 | 00000nam##2200000za#4500 |
| 001 | 9.694278 |
| 003 | CaOODSP |
| 005 | 20210624234038 |
| 007 | cr ||||||||||| |
| 008 | 150407|2003||||xxc|||||o f|0| 0 eng|d |
| 040 | |aCaOODSP|beng |
| 043 | |an-cn--- |
| 086 | 1 |aNH15-410/2003E-PDF |
| 110 | 2 |aCanada Mortgage and Housing Corporation. |
| 245 | 10|aCapital replacement planning - manual for co-operative and non-profit housing providers / |h[electronic resource]|cProduced by the Canadian Housing and Renewal Association in collaboration with the Co-operative Housing Federation of Canada and the Ontario Non-Profit Housing Association. |
| 260 | |aOttawa - Ontario : |bCanada Mortgage and Housing Corporation |c2003. |
| 300 | |a73p.|bgraphs, tables |
| 500 | |aThe catalogue number (NH15-410/2003) and ISBN (0-662-67379-4) for the bilingual print edition have been incorrectly copied in this electronic publication. |
| 520 | 3 |aCo-operative and non-profit housing corporations need capital reserve funds to be ready to pay for major replacements and repairs as their buildings age. This manual provides housing providers the information that a Board needs to understand and oversee the process of planning capital replacements. It describes how to develop a Capital Replacement Plan and how to keep it up to date. |
| 590 | |a11-05-Supp|b2011-03-15 |
| 690 | 07|aSubsidized housing|2gcpds |
| 775 | 08|tManuel de planification du remplacement d'immobilisations : |w(CaOODSP)9.638454 |
| 776 | 0#|tCapital replacement planning - manual for co-operative and non-profit housing providers / |w(CaOODSP)9.664685 |
| 776 | 0#|tManuel de planification du remplacement d'immobilisations - édition à l'intention des organismes de logements coopératifs et sans but lucratif / |w(CaOODSP)9.664686 |
| 856 | 40|ahttp://publications.gc.ca|qPDF|s833 KB|uhttps://publications.gc.ca/collections/collection_2011/schl-cmhc/NH15-410-2003-eng.pdf |